[Event "4NCL/Div1b/WGHK2 vs. PAP"]
[Site "Hinckley Island ENG"]
[Date "2008.12.06"]
[Round "3.2"]
[White "Ward, Chris G"]
[Black "Martin, Andrew D"]
[Result "1/2-1/2"]
[WhiteElo "2431"]
[BlackElo "2425"]
[PlyCount "70"]
[EventDate "2008.12.06"]
[SourceDate "2008.10.04"]

1. d4 g6 2. e4 Bg7 3. c4 d6 4. Nc3 a6 5. Be3 c6 6. a4 a5 7. f4 Na6 8. Be2 Nf6
9. e5 Nd7 10. Nf3 O-O 11. O-O Nb4 12. Qd2 Nb6 13. b3 Bf5 14. Rac1 dxe5 15. fxe5
f6 16. Bh6 Nd7 17. Bxg7 Kxg7 18. exf6+ exf6 19. Nh4 Be6 20. Ne4 Qc7 21. Kh1
Rae8 22. Ng3 Qd8 23. Rce1 f5 24. Nf3 Nf6 25. Qf4 Bc8 26. Ne5 Ne4 27. Rd1 g5 28.
Qc1 Nxg3+ 29. hxg3 c5 30. Bh5 Re6 31. dxc5 Qe7 32. Nf7 Rxf7 33. Bxf7 Rh6+ 34.
Kg1 Kxf7 35. Rd6 Rxd6 1/2-1/2

[Event "4NCL/Div1b/WGHK2 vs. PAP"]
[Site "Hinckley Island ENG"]
[Date "2008.12.06"]
[Round "3.3"]
[White "McDonald, Neil"]
[Black "Summerscale, Aaron"]
[Result "1/2-1/2"]
[WhiteElo "2398"]
[BlackElo "2467"]
[PlyCount "65"]
[EventDate "2008.12.06"]
[SourceDate "2008.10.04"]

1. e4 b6 2. d4 Bb7 3. Bd3 Nf6 4. Qe2 Nc6 5. c3 e5 6. Nf3 d6 7. O-O Be7 8. Rd1
O-O 9. Na3 Nd7 10. Bb5 Qc8 11. Nc4 Bf6 12. Ne3 Re8 13. d5 Ncb8 14. Nf5 Qd8 15.
h4 Rf8 16. Ng5 Bxg5 17. Bxg5 f6 18. Bh6 Rf7 19. Bxg7 Rxg7 20. Nxg7 Kxg7 21. Rd3
Kh8 22. Qg4 Bc8 23. Rg3 Qf8 24. f4 Nc5 25. f5 a5 26. Re1 Ba6 27. Bxa6 Nbxa6 28.
Qh5 Nd7 29. Ree3 Qe8 30. Qh6 Qf8 31. Qh5 Qe8 32. Qh6 Qf8 33. Qh5 1/2-1/2

[Event "4NCL/Div1b/WGHK2 vs. PAP"]
[Site "Hinckley Island ENG"]
[Date "2008.12.06"]
[Round "3.4"]
[White "Hunt, Harriet"]
[Black "Sowray, Peter J"]
[Result "1/2-1/2"]
[WhiteElo "2462"]
[BlackElo "2316"]
[PlyCount "113"]
[EventDate "2008.12.06"]
[SourceDate "2008.10.04"]

1. e4 b6 2. d4 Bb7 3. Bd3 g6 4. Nf3 Bg7 5. O-O d6 6. c4 Nd7 7. Nc3 e6 8. Be3
Ne7 9. Rc1 a6 10. Qe2 h6 11. Rfd1 O-O 12. Bb1 Qe8 13. b4 f5 14. exf5 Nxf5 15.
d5 Nf6 16. Nd4 Nxe3 17. Qxe3 exd5 18. Qxe8 Raxe8 19. cxd5 Nxd5 20. Nxd5 Bxd5
21. Bxg6 Bf7 22. Bb1 Re5 23. f4 Rd5 24. Nf5 Rxd1+ 25. Rxd1 Re8 26. Nxg7 Kxg7
27. Kf2 Kf6 28. g4 Bc4 29. Rd2 Rg8 30. Kf3 Re8 31. Kf2 Rc8 32. Kf3 Re8 33. h4
Re1 34. g5+ hxg5 35. hxg5+ Ke6 36. Bh7 Rf1+ 37. Ke3 d5 38. Rh2 d4+ 39. Kxd4
Rxf4+ 40. Be4 c5+ 41. bxc5 bxc5+ 42. Kxc4 Rxe4+ 43. Kxc5 Re5+ 44. Kb6 Rxg5 45.
Kxa6 Rg1 46. Rd2 Ra1 47. Ka5 Rb1 48. a4 Ke7 49. Ka6 Rb4 50. a5 Rb1 51. Ka7 Rb5
52. a6 Rb1 53. Rh2 Kd7 54. Rh7+ Kc8 55. Rb7 Rc1 56. Kb6 Rb1+ 57. Ka7 1/2-1/2

[Event "4NCL/Div1b/WGHK2 vs. PAP"]
[Site "Hinckley Island ENG"]
[Date "2008.12.06"]
[Round "3.5"]
[White "Broomfield, Matthew"]
[Black "Sahl, Sheila"]
[Result "0-1"]
[WhiteElo "2344"]
[BlackElo "2219"]
[PlyCount "80"]
[EventDate "2008.12.06"]
[SourceDate "2008.10.04"]

1. d4 d5 2. c4 c6 3. Nf3 Nf6 4. e3 Bg4 5. cxd5 Bxf3 6. Qxf3 cxd5 7. Bd3 e6 8.
O-O Be7 9. Nc3 Nc6 10. Bd2 O-O 11. Qe2 a6 12. Rac1 Rc8 13. f4 b5 14. Kh1 Qb6
15. Be1 Rfd8 16. Bg3 g6 17. a4 b4 18. Nb1 a5 19. Nd2 b3 20. Ba6 Ra8 21. Bb5 Na7
22. f5 Rdc8 23. fxg6 hxg6 24. Rxc8+ Rxc8 25. Bh4 Nxb5 26. axb5 Qd8 27. Bxf6
Bxf6 28. Nxb3 Be7 29. Qd2 Bb4 30. Qf2 f5 31. Qg3 Kf7 32. Nc1 Bd6 33. Qe1 Rb8
34. e4 dxe4 35. Qxe4 Rxb5 36. Nd3 Qh8 37. h3 Rd5 38. Nc5 Bxc5 39. dxc5 Qxb2 40.
Qa4 Qb4 0-1

[Event "4NCL/Div1b/WGHK2 vs. PAP"]
[Site "Hinckley Island ENG"]
[Date "2008.12.06"]
[Round "3.6"]
[White "Zhou, Yang-Fan"]
[Black "Lindner, Daniel"]
[Result "1/2-1/2"]
[WhiteElo "2276"]
[BlackElo "2242"]
[PlyCount "42"]
[EventDate "2008.12.06"]
[SourceDate "2008.10.04"]

1. e4 c5 2. Nf3 e6 3. d3 Nc6 4. g3 g6 5. Bg5 Qb6 6. Nbd2 Qxb2 7. Nc4 Qg7 8. Rb1
f6 9. Bf4 b6 10. e5 Be7 11. Bg2 Ba6 12. O-O f5 13. Qd2 h6 14. h4 Rc8 15. c3
Bxc4 16. dxc4 Bd8 17. Rfe1 Bc7 18. Rbd1 Rd8 19. Qe3 Na5 20. Nd2 Ne7 21. Bf1
Nec6 1/2-1/2

[Event "4NCL/Div1b/WGHK2 vs. PAP"]
[Site "Hinckley Island ENG"]
[Date "2008.12.06"]
[Round "3.7"]
[White "Fowler, Simon"]
[Black "Summerscale, Claire E"]
[Result "1-0"]
[WhiteElo "2214"]
[BlackElo "2007"]
[PlyCount "91"]
[EventDate "2008.12.06"]
[SourceDate "2008.10.04"]

1. d4 f5 2. Bg5 g6 3. Nd2 Bg7 4. e4 fxe4 5. Nxe4 d5 6. Nc3 Nh6 7. Nf3 Nf7 8.
Bd3 Bg4 9. Bh4 c6 10. h3 Bxf3 11. Qxf3 Nd7 12. Qe3 Nf6 13. O-O O-O 14. Rae1 Re8
15. f4 e6 16. Ne2 Qb6 17. b3 Nd7 18. Bf2 Rac8 19. Qf3 Qc7 20. h4 Nf6 21. g4 b6
22. Ng3 c5 23. c3 Nd6 24. h5 Qf7 25. hxg6 hxg6 26. g5 Nd7 27. Kg2 Nf5 28. Ne2
cxd4 29. cxd4 Nb8 30. Rh1 Nc6 31. Qh3 Ncxd4 32. Nxd4 Nxd4 33. Qh7+ Kf8 34. Bxg6
Qxf4 35. Bxd4 Qxd4 36. Rhf1+ Ke7 37. Rf7+ Kd6 38. Qxg7 Qd2+ 39. Kf1 Rh8 40.
Qe5+ Kc6 41. Qxe6+ Kb5 42. Qe2+ Qxe2+ 43. Rxe2 a5 44. Rd2 Rcd8 45. Bf5 Rhg8 46.
g6 1-0

[Event "4NCL/Div1b/WGHK2 vs. PAP"]
[Site "Hinckley Island ENG"]
[Date "2008.12.06"]
[Round "3.8"]
[White "Auckland, Elliott"]
[Black "Hegarty, Sarah"]
[Result "1/2-1/2"]
[WhiteElo "2017"]
[BlackElo "2088"]
[PlyCount "49"]
[EventDate "2008.12.06"]
[SourceDate "2008.10.04"]

1. d4 d5 2. c4 dxc4 3. Nf3 Nf6 4. Nc3 e6 5. e3 a6 6. a4 c5 7. Bxc4 Nc6 8. O-O
Be7 9. Qe2 cxd4 10. Rd1 Qc7 11. exd4 O-O 12. d5 exd5 13. Nxd5 Nxd5 14. Bxd5 Nb4
15. Bf4 Qxf4 16. Qxe7 Nxd5 17. Rxd5 Be6 18. Rd4 Qb8 19. Re1 Re8 20. Qb4 Qc7 21.
Rde4 Bd7 22. Ne5 Be6 23. Nf3 Bd7 24. Ne5 Be6 25. Nf3 1/2-1/2

[Event "4NCL/Div1b/BRI1 vs. GADS"]
[Site "Hinckley Island ENG"]
[Date "2008.12.06"]
[Round "3.2"]
[White "Chandler, Murray G"]
[Black "Rudd, Jack"]
[Result "1-0"]
[WhiteElo "2515"]
[BlackElo "2344"]
[PlyCount "47"]
[EventDate "2008.12.06"]
[SourceDate "2008.10.04"]

1. e4 d6 2. d4 g6 3. Nc3 Bg7 4. Be3 Nd7 5. Nf3 a6 6. a4 b6 7. d5 e5 8. dxe6
fxe6 9. Bc4 Qe7 10. O-O Ngf6 11. Qd2 O-O 12. Bh6 Ne5 13. Nxe5 dxe5 14. Bxg7
Kxg7 15. Rad1 h6 16. Qe3 Bd7 17. Rd2 Qb4 18. Bb3 Rae8 19. Rfd1 Bc6 20. f3 Qe7
21. Bc4 Bb7 22. b3 Bc8 23. Ne2 Nh5 24. Bxa6 1-0

[Event "4NCL/Div1b/BRI1 vs. GADS"]
[Site "Hinckley Island ENG"]
[Date "2008.12.06"]
[Round "3.3"]
[White "Buckley, David E"]
[Black "Davies, Nigel R"]
[Result "0-1"]
[WhiteElo "2244"]
[BlackElo "2490"]
[PlyCount "44"]
[EventDate "2008.12.06"]
[SourceDate "2008.10.04"]

1. d4 Nf6 2. c4 c5 3. d5 e5 4. Nc3 d6 5. e4 Nbd7 6. Nge2 a6 7. a4 g6 8. g3 h5
9. Bg5 Be7 10. h4 O-O 11. Bh3 Ne8 12. Qd2 Ng7 13. g4 Nb6 14. gxh5 Nxc4 15. Qd3
Nxb2 16. Qc2 Nc4 17. Bxc8 Rxc8 18. Bxe7 Qxe7 19. h6 Nh5 20. Ng3 Nf4 21. Nce2 b5
22. Rd1 Ng2+ 0-1

[Event "4NCL/Div1b/BRI1 vs. GADS"]
[Site "Hinckley Island ENG"]
[Date "2008.12.06"]
[Round "3.4"]
[White "Richardson, John R"]
[Black "Beaumont, Chris"]
[Result "1-0"]
[WhiteElo "2308"]
[BlackElo "2317"]
[PlyCount "33"]
[EventDate "2008.12.06"]
[SourceDate "2008.10.04"]

1. d4 g6 2. e4 Bg7 3. Nf3 d6 4. Nc3 Nf6 5. Be3 O-O 6. Qd2 a6 7. O-O-O b5 8. e5
dxe5 9. Nxe5 Bb7 10. Bh6 Bxh6 11. Qxh6 Nc6 12. h4 Nxd4 13. Bd3 b4 14. h5 g5 15.
Qxg5+ Kh8 16. Bc4 e6 17. Rxd4 1-0

[Event "4NCL/Div1b/BRI1 vs. GADS"]
[Site "Hinckley Island ENG"]
[Date "2008.12.06"]
[Round "3.5"]
[White "Dilleigh, Stephen P"]
[Black "Snape, Ian"]
[Result "1/2-1/2"]
[WhiteElo "2147"]
[BlackElo "2219"]
[PlyCount "42"]
[EventDate "2008.12.06"]
[SourceDate "2008.10.04"]

1. d4 Nf6 2. c4 g6 3. Nc3 Bg7 4. e4 d6 5. Nf3 O-O 6. Be2 e5 7. Be3 exd4 8. Nxd4
Re8 9. f3 c6 10. Bf2 d5 11. exd5 cxd5 12. O-O Nc6 13. c5 Nh5 14. Qd2 Be5 15. g3
Ng7 16. Bb5 Bd7 17. Nb3 d4 18. Ne4 Nf5 19. Rad1 Bg7 20. Bxc6 Bxc6 21. Nxd4 Bxd4
1/2-1/2

[Event "4NCL/Div1b/BRI1 vs. GADS"]
[Site "Hinckley Island ENG"]
[Date "2008.12.06"]
[Round "3.6"]
[White "Wheeler, Darren P"]
[Black "Pickering, Andrew"]
[Result "1/2-1/2"]
[WhiteElo "2234"]
[BlackElo "2160"]
[PlyCount "36"]
[EventDate "2008.12.06"]
[SourceDate "2008.10.04"]

1. e4 c5 2. f4 Nc6 3. Nf3 e6 4. Nc3 d6 5. g3 g6 6. Bg2 Bg7 7. O-O Nge7 8. d3
O-O 9. Be3 Rb8 10. a4 a6 11. d4 cxd4 12. Nxd4 Qc7 13. Nce2 e5 14. fxe5 dxe5 15.
Nxc6 Nxc6 16. Nc3 Nd4 17. Bxd4 exd4 18. Nd5 Qc5 1/2-1/2

[Event "4NCL/Div1b/BRI1 vs. GADS"]
[Site "Hinckley Island ENG"]
[Date "2008.12.06"]
[Round "3.7"]
[White "Curtis, John"]
[Black "Cafferty, Bernard"]
[Result "1-0"]
[WhiteElo "2122"]
[BlackElo "2179"]
[PlyCount "53"]
[EventDate "2008.12.06"]
[SourceDate "2008.10.04"]

1. d4 e6 2. Nd2 c5 3. e3 Nf6 4. Ngf3 b6 5. Bd3 Bb7 6. O-O Nc6 7. c3 Be7 8. e4
cxd4 9. cxd4 Nb4 10. Bb1 Ba6 11. Re1 Nd3 12. Bxd3 Bxd3 13. d5 Bc5 14. b4 Bxb4
15. Qb3 Bxd2 16. Nxd2 Ba6 17. Ba3 b5 18. Rac1 Qa5 19. Bb4 Qb6 20. Qg3 Rg8 21.
Re3 Bb7 22. Bc5 Qd8 23. e5 Bxd5 24. exf6 Qxf6 25. Qd6 Qg5 26. Rg3 Qd8 27. Rxg7
1-0

[Event "4NCL/Div1b/BRI1 vs. GADS"]
[Site "Hinckley Island ENG"]
[Date "2008.12.06"]
[Round "3.8"]
[White "Bellin, Jana"]
[Black "Smith, Olivia"]
[Result "1/2-1/2"]
[WhiteElo "2183"]
[BlackElo "1961"]
[PlyCount "51"]
[EventDate "2008.12.06"]
[SourceDate "2008.10.04"]

1. d4 Nf6 2. Nf3 d5 3. Bf4 c5 4. e3 Qb6 5. Qc1 Nc6 6. c3 Bf5 7. Nbd2 Rc8 8.
dxc5 Qxc5 9. Nb3 Qb6 10. Nbd4 Bd7 11. h3 g6 12. Be2 Bg7 13. Ne5 Nxe5 14. Bxe5
Nh5 15. Bxg7 Nxg7 16. Qd2 Ne6 17. Nxe6 Bxe6 18. O-O O-O 19. Rfd1 Rfd8 20. a4
Rd6 21. a5 Qc7 22. Qd4 b6 23. axb6 Rxb6 24. Rd2 Rcb8 25. Ra2 Bf5 26. Bf3
1/2-1/2

[Event "4NCL/Div1b/GUI1 vs. BAR2"]
[Site "Hinckley Island ENG"]
[Date "2008.12.06"]
[Round "3.1"]
[White "Rowson, Jonathan"]
[Black "Rogers, Jonathan W"]
[Result "1-0"]
[WhiteElo "2596"]
[BlackElo "2347"]
[PlyCount "51"]
[EventDate "2008.12.06"]
[SourceDate "2008.10.04"]

1. d4 Nf6 2. c4 e6 3. Nc3 Bb4 4. Qc2 O-O 5. a3 Bxc3+ 6. Qxc3 b5 7. cxb5 c6 8.
Bg5 cxb5 9. e3 Bb7 10. Nf3 Nc6 11. Bxb5 Rc8 12. Be2 Qb6 13. Bxf6 gxf6 14. Nd2
Ba6 15. Qb3 Qa5 16. Bxa6 Qxa6 17. Ne4 f5 18. Nf6+ Kg7 19. Nxd7 Na5 20. Qb4 Nc6
21. Qd2 Rfd8 22. Nc5 Qb5 23. Qe2 Qa5+ 24. b4 Nxb4 25. O-O Nd5 26. Nb7 1-0

[Event "4NCL/Div1b/GUI1 vs. BAR2"]
[Site "Hinckley Island ENG"]
[Date "2008.12.06"]
[Round "3.3"]
[White "Cornette, Matthieu"]
[Black "Lewis, Andrew P"]
[Result "1-0"]
[WhiteElo "2548"]
[BlackElo "2277"]
[PlyCount "69"]
[EventDate "2008.12.06"]
[SourceDate "2008.10.04"]

1. e4 c5 2. Nf3 Nc6 3. Bb5 d6 4. O-O Bd7 5. Re1 Nf6 6. c3 a6 7. Bf1 Bg4 8. d4
Bxf3 9. gxf3 cxd4 10. cxd4 e5 11. d5 Nb8 12. f4 Nbd7 13. Na3 Rc8 14. Bd2 exf4
15. Bxf4 Ne5 16. Bh3 Nfd7 17. Bxe5 dxe5 18. Qa4 Bc5 19. Kh1 Ra8 20. Rac1 b5 21.
Nxb5 O-O 22. Na3 Nb6 23. Qc2 Bd4 24. Rg1 Qh4 25. Rg3 g6 26. Qe2 Qf4 27. Rc6
Rab8 28. Rf3 Qg5 29. b3 a5 30. Nc2 a4 31. Nxd4 exd4 32. Qa6 axb3 33. Rxb3 Nxd5
34. exd5 Rbe8 35. Qa5 1-0

[Event "4NCL/Div1b/GUI1 vs. BAR2"]
[Site "Hinckley Island ENG"]
[Date "2008.12.06"]
[Round "3.4"]
[White "Pritchett, Craig W"]
[Black "Pert, Nicholas"]
[Result "1/2-1/2"]
[WhiteElo "2308"]
[BlackElo "2532"]
[PlyCount "110"]
[EventDate "2008.12.06"]
[SourceDate "2008.10.04"]

1. e4 e6 2. d4 d5 3. Nc3 Nf6 4. Bg5 Be7 5. e5 Nfd7 6. Bxe7 Qxe7 7. f4 a6 8. Nf3
c5 9. Qd2 Nc6 10. dxc5 Nxc5 11. Bd3 O-O 12. O-O b5 13. Rae1 Rd8 14. Qf2 h6 15.
Nd4 Nxd4 16. Qxd4 Bb7 17. Qf2 d4 18. Ne2 Rac8 19. f5 Nxd3 20. cxd3 exf5 21.
Nxd4 g6 22. e6 Qc5 23. Nf3 Qxf2+ 24. Rxf2 fxe6 25. Rxe6 Rc1+ 26. Rf1 Rxf1+ 27.
Kxf1 Kf7 28. Rb6 Bxf3 29. gxf3 Rxd3 30. Ke2 Rd4 31. Rxa6 Rh4 32. Ke3 Rxh2 33.
Kf4 Rxb2 34. Ra7+ Ke6 35. Ra6+ Kd5 36. Rxg6 Rxa2 37. Rxh6 Ra3 38. Rf6 b4 39.
Rxf5+ Kc4 40. Rf8 b3 41. Rc8+ Kd3 42. Rb8 Kc2 43. Ke5 b2 44. Rxb2+ Kxb2 45. f4
Re3+ 46. Kd4 Rf3 47. Ke4 Rf1 48. f5 Kc3 49. Ke5 Kc4 50. f6 Kc5 51. Ke6 Kc6 52.
f7 Kc7 53. Ke7 Re1+ 54. Kf6 Rf1+ 55. Ke7 Re1+ 1/2-1/2

[Event "4NCL/Div1b/GUI1 vs. BAR2"]
[Site "Hinckley Island ENG"]
[Date "2008.12.06"]
[Round "3.5"]
[White "Conquest, Stuart C"]
[Black "Dorrington, Christopher"]
[Result "1-0"]
[WhiteElo "2526"]
[BlackElo "2259"]
[PlyCount "77"]
[EventDate "2008.12.06"]
[SourceDate "2008.10.04"]

1. d4 Nf6 2. c4 e6 3. Nf3 d5 4. Nc3 Bb4 5. Bg5 dxc4 6. e4 c5 7. Bxc4 cxd4 8.
Nxd4 Bxc3+ 9. bxc3 Qa5 10. Bb5+ Bd7 11. Bxf6 Bxb5 12. Nxb5 gxf6 13. Rb1 O-O 14.
O-O a6 15. Nd6 b5 16. f4 Nd7 17. Kh1 Qc7 18. Rf3 Rfd8 19. Rg3+ Kf8 20. Nxf7
Kxf7 21. Qh5+ Ke7 22. Rd1 Rf8 23. Rg7+ Kd8 24. Qh6 Re8 25. Qxf6+ Kc8 26. Qf7
Rd8 27. Qxe6 Ra7 28. e5 Qxc3 29. Qd6 Rb7 30. Rxh7 Qc2 31. Rg7 Qc3 32. h3 b4 33.
Rf7 Rb6 34. Qd5 Qc6 35. Qd2 Qe6 36. Rf6 Qe7 37. Rd6 Rxd6 38. exd6 Qe4 39. Qc1+
1-0

[Event "4NCL/Div1b/GUI1 vs. BAR2"]
[Site "Hinckley Island ENG"]
[Date "2008.12.06"]
[Round "3.6"]
[White "Taylor, Peter"]
[Black "King, Daniel J"]
[Result "1/2-1/2"]
[WhiteElo "2254"]
[BlackElo "2518"]
[PlyCount "65"]
[EventDate "2008.12.06"]
[SourceDate "2008.10.04"]

1. d4 e6 2. Nf3 c5 3. e3 Nf6 4. Bd3 d5 5. c3 Nbd7 6. Nbd2 Be7 7. O-O O-O 8. e4
dxe4 9. Nxe4 b6 10. dxc5 Nxc5 11. Nxc5 bxc5 12. Qe2 Bb7 13. Ba6 Bxa6 14. Qxa6
Nd5 15. Rd1 Qc7 16. Bg5 Rab8 17. Bxe7 Nxe7 18. b3 Rfd8 19. Qe2 Nd5 20. c4 Nb4
21. Ne5 f6 22. Ng4 Kf7 23. Ne3 g6 24. Qf3 h5 25. g4 Qe5 26. Rxd8 Rxd8 27. Rd1
Rxd1+ 28. Qxd1 Ke7 29. Qf3 Nd3 30. Qb7+ Kf8 31. Qc8+ Kg7 32. Qb7+ Kf8 33. Qc8+
1/2-1/2

[Event "4NCL/Div1b/GUI1 vs. BAR2"]
[Site "Hinckley Island ENG"]
[Date "2008.12.06"]
[Round "3.7"]
[White "Hebden, Mark L"]
[Black "Franklin, Samuel"]
[Result "1-0"]
[WhiteElo "2515"]
[BlackElo "2156"]
[PlyCount "80"]
[EventDate "2008.12.06"]
[SourceDate "2008.10.04"]

1. d4 Nf6 2. Nf3 g6 3. Nc3 c5 4. d5 Bg7 5. e4 d6 6. Be2 O-O 7. O-O Na6 8. a4
Nc7 9. h3 a6 10. Re1 b6 11. Bf4 Bb7 12. Bc4 Qd7 13. Qd3 Rab8 14. e5 Nh5 15. Bh2
Bh6 16. Rad1 Bc8 17. Qe4 b5 18. axb5 axb5 19. Bf1 b4 20. Nb1 f5 21. Qh4 Bg7 22.
Bc4 Ba6 23. Nbd2 Bxc4 24. Nxc4 Nb5 25. Ng5 f4 26. Ne6 Rf5 27. Nxg7 Nxg7 28.
Bxf4 Rbf8 29. Bg3 Nh5 30. exd6 exd6 31. Re7 Qd8 32. Ne3 g5 33. Qxh5 Qxe7 34.
Nxf5 Rxf5 35. Qg4 Qf7 36. Qe4 h5 37. f3 h4 38. Bf2 Kg7 39. Qc4 Nd4 40. c3 bxc3
$138 1-0

[Event "4NCL/Div1b/GUI1 vs. BAR2"]
[Site "Hinckley Island ENG"]
[Date "2008.12.06"]
[Round "3.8"]
[White "Lauterbach, Ingrid"]
[Black "Lalic, Susan"]
[Result "0-1"]
[WhiteElo "2178"]
[BlackElo "2341"]
[PlyCount "74"]
[EventDate "2008.12.06"]
[SourceDate "2008.10.04"]

1. e4 c6 2. d4 d5 3. Nd2 g6 4. Ngf3 Bg7 5. c3 Nh6 6. exd5 cxd5 7. Bb5+ Bd7 8.
Bxd7+ Qxd7 9. O-O Nc6 10. Re1 Nf5 11. Nb3 b6 12. Ne5 Nxe5 13. dxe5 e6 14. Bf4
Rc8 15. g4 Ne7 16. Nd4 Nc6 17. Nxc6 Qxc6 18. h3 h5 19. f3 Qb7 20. Qb3 hxg4 21.
hxg4 Rc4 22. Bg3 O-O 23. Kg2 Rfc8 24. Rad1 a5 25. Rd3 b5 26. Qd1 b4 27. cxb4
axb4 28. b3 Rc2+ 29. Rd2 Qc6 30. Bf4 Qc3 31. Qe2 Qb2 32. Kh3 Qxa2 33. Rxc2 Qxc2
34. Qa6 Rf8 35. Qa4 Qd3 36. Kg3 Qd4 37. Qa1 Qxa1 0-1

[Event "4NCL/Div1b/BET vs. WGHK2"]
[Site "Hinckley Island ENG"]
[Date "2008.12.07"]
[Round "4.1"]
[White "Hunt, Adam C"]
[Black "Houska, Jovanka"]
[Result "1/2-1/2"]
[WhiteElo "2431"]
[BlackElo "2399"]
[PlyCount "72"]
[EventDate "2008.12.07"]
[SourceDate "2008.10.04"]

1. e4 c6 2. d4 d5 3. exd5 cxd5 4. c4 Nf6 5. Nc3 e6 6. Nf3 Bb4 7. cxd5 exd5 8.
Bd3 O-O 9. O-O Bg4 10. Bg5 Be7 11. h3 Bh5 12. g4 Bg6 13. Bxg6 fxg6 14. Qb3 Nc6
15. Qxb7 Rc8 16. Ne5 Nxd4 17. Rad1 Rc7 18. Qa6 Qd6 19. Qxd6 Bxd6 20. Bxf6 gxf6
21. Nxg6 Nf3+ 22. Kg2 hxg6 23. Kxf3 Be5 24. Nxd5 Rc2 25. Rfe1 Rxb2 26. Re2 Rfb8
27. Ne7+ Kg7 28. Nc6 Rxe2 29. Kxe2 Rb7 30. Ke3 Bh2 31. Rd8 Rc7 32. Nd4 Rc3+ 33.
Ke4 Ra3 34. Rd7+ Kf8 35. Nb5 Rxa2 36. Rxa7 Rxf2 1/2-1/2

[Event "4NCL/Div1b/BET vs. WGHK2"]
[Site "Hinckley Island ENG"]
[Date "2008.12.07"]
[Round "4.3"]
[White "Webb, Laurence E"]
[Black "McDonald, Neil"]
[Result "1/2-1/2"]
[WhiteElo "2347"]
[BlackElo "2398"]
[PlyCount "51"]
[EventDate "2008.12.07"]
[SourceDate "2008.10.04"]

1. e4 e6 2. d4 d5 3. exd5 exd5 4. Nf3 Nc6 5. Bb5 Bd6 6. O-O Nge7 7. Bg5 f6 8.
Bh4 O-O 9. Bg3 Bg4 10. c3 f5 11. Bxd6 Qxd6 12. Nbd2 Ng6 13. Qc2 Nd8 14. Rae1
Nf4 15. Ne5 c6 16. Bd3 Nde6 17. Nxg4 Nxd3 18. Qxd3 fxg4 19. Qg3 Nf4 20. Qxg4
Rf6 21. g3 Raf8 22. Re3 Rg6 23. Qh4 Rh6 24. Qg4 Rg6 25. Qh4 Rh6 26. Qg4 1/2-1/2

[Event "4NCL/Div1b/BET vs. WGHK2"]
[Site "Hinckley Island ENG"]
[Date "2008.12.07"]
[Round "4.5"]
[White "Ledger, David J"]
[Black "Broomfield, Matthew"]
[Result "0-1"]
[WhiteElo "2254"]
[BlackElo "2344"]
[PlyCount "50"]
[EventDate "2008.12.07"]
[SourceDate "2008.10.04"]

1. e4 Nf6 2. e5 Nd5 3. d4 d6 4. Nf3 g6 5. Bc4 c6 6. O-O Bg7 7. Re1 O-O 8. Bb3
Bg4 9. h3 Bxf3 10. Qxf3 dxe5 11. dxe5 e6 12. Qg3 Nd7 13. Nd2 Qc7 14. Nf3 a5 15.
Bg5 a4 16. Bxd5 cxd5 17. Rac1 Ra6 18. Be7 Rc8 19. Bd6 Qc4 20. b3 axb3 21. axb3
Qc3 22. Qh4 Nc5 23. b4 Ne4 24. Be7 h6 25. Rcd1 Rc4 0-1

[Event "4NCL/Div1b/BET vs. WGHK2"]
[Site "Hinckley Island ENG"]
[Date "2008.12.07"]
[Round "4.6"]
[White "Lindner, Daniel"]
[Black "Nelson, Jonathan"]
[Result "1/2-1/2"]
[WhiteElo "2242"]
[BlackElo "2247"]
[PlyCount "48"]
[EventDate "2008.12.07"]
[SourceDate "2008.10.04"]

1. d4 d6 2. Nf3 g6 3. c4 Bg7 4. Nc3 Nf6 5. e4 O-O 6. Be2 e5 7. O-O Nc6 8. d5
Ne7 9. b4 Nh5 10. Qb3 h6 11. c5 f5 12. Re1 fxe4 13. Nxe4 Nf4 14. Bf1 Bg4 15.
Nfd2 Kh7 16. cxd6 cxd6 17. Nc4 Nf5 18. Bb2 Nd4 19. Bxd4 exd4 20. f3 Bf5 21.
Ncxd6 Bxe4 22. Nxe4 Qxd5 23. Qxd5 Nxd5 24. a3 a5 1/2-1/2

[Event "4NCL/Div1b/BET vs. WGHK2"]
[Site "Hinckley Island ENG"]
[Date "2008.12.07"]
[Round "4.7"]
[White "Ledger, Stephen C"]
[Black "Fowler, Simon"]
[Result "1/2-1/2"]
[WhiteElo "2151"]
[BlackElo "2214"]
[PlyCount "69"]
[EventDate "2008.12.07"]
[SourceDate "2008.10.04"]

1. d4 e6 2. Nf3 Nf6 3. Bf4 c5 4. c3 b6 5. e3 Be7 6. h3 Bb7 7. Be2 O-O 8. O-O
cxd4 9. cxd4 d6 10. Nc3 Nbd7 11. Rc1 a6 12. Bh2 Rc8 13. Qb3 Re8 14. Rfd1 Bf8
15. Nd2 e5 16. Bc4 Qe7 17. Nd5 Bxd5 18. Bxd5 exd4 19. exd4 Nxd5 20. Qxd5 Qe2
21. Bf4 Rc2 22. Qf3 Qxf3 23. Nxf3 Rxb2 24. Rd2 Rxd2 25. Nxd2 d5 26. Rc7 Nf6 27.
Ra7 a5 28. Nf3 h6 29. Bc7 Re6 30. Ne5 Bb4 31. Ra8+ Kh7 32. Rb8 Ne4 33. Rxb6
Rxb6 34. Bxb6 f6 35. Nc6 1/2-1/2

[Event "4NCL/Div1b/BET vs. WGHK2"]
[Site "Hinckley Island ENG"]
[Date "2008.12.07"]
[Round "4.8"]
[White "Hegarty, Sarah"]
[Black "Chaumont, Adeline"]
[Result "1-0"]
[WhiteElo "2088"]
[BlackElo "2083"]
[PlyCount "41"]
[EventDate "2008.12.07"]
[SourceDate "2008.10.04"]

1. e4 c6 2. d4 d5 3. f3 dxe4 4. fxe4 e5 5. Nf3 exd4 6. Bc4 Be6 7. Bxe6 fxe6 8.
Ng5 Nf6 9. c3 e5 10. Qb3 Qe7 11. O-O Na6 12. cxd4 exd4 13. e5 Nd5 14. Nf7 Nc5
15. Qc4 Ne3 16. Bxe3 dxe3 17. Nxh8 O-O-O 18. Nf7 Rd5 19. Nc3 Rd2 20. Nd6+ Kb8
21. Qxc5 1-0

[Event "4NCL/Div1b/GADS vs. GUI1"]
[Site "Hinckley Island ENG"]
[Date "2008.12.07"]
[Round "4.2"]
[White "Howell, David W L"]
[Black "Chandler, Murray G"]
[Result "1-0"]
[WhiteElo "2593"]
[BlackElo "2515"]
[PlyCount "75"]
[EventDate "2008.12.07"]
[SourceDate "2008.10.04"]

1. e4 c5 2. c3 d5 3. exd5 Qxd5 4. d4 Nf6 5. Nf3 Bg4 6. Nbd2 Nc6 7. Bc4 Bxf3 8.
Qb3 Na5 9. Qb5+ Qd7 10. Nxf3 Nxc4 11. Qxc4 cxd4 12. Nxd4 e6 13. Bg5 Rc8 14. Qe2
Be7 15. Rd1 Qd5 16. Nf3 Qe4 17. Be3 O-O 18. Bd4 Qg4 19. O-O Nd5 20. Rfe1 Nf4
21. Qf1 a6 22. Kh1 Rfd8 23. Re4 Bf6 24. Rde1 Qf5 25. Ne5 h5 26. g3 Nd5 27. f4
Be7 28. Nf3 Nf6 29. Re5 Qc2 30. R1e2 Qd3 31. f5 Ng4 32. fxe6 fxe6 33. Rxe6 Rxd4
34. Nxd4 Rf8 35. Qe1 Bg5 36. Re8 Be3 37. R8xe3 Nxe3 38. Rxe3 1-0

[Event "4NCL/Div1b/GADS vs. GUI1"]
[Site "Hinckley Island ENG"]
[Date "2008.12.07"]
[Round "4.3"]
[White "Davies, Nigel R"]
[Black "Cornette, Matthieu"]
[Result "1/2-1/2"]
[WhiteElo "2490"]
[BlackElo "2548"]
[PlyCount "32"]
[EventDate "2008.12.07"]
[SourceDate "2008.10.04"]

1. c4 e5 2. g3 c6 3. d4 e4 4. Nc3 d5 5. Nh3 Na6 6. cxd5 cxd5 7. Qb3 Nc7 8. Bf4
Bd6 9. f3 exf3 10. exf3 Ne7 11. Nb5 Bxf4 12. Nxf4 O-O 13. Kf2 Bf5 14. Bd3 Nxb5
15. Qxb5 Bxd3 16. Qxd3 Qb6 1/2-1/2

[Event "4NCL/Div1b/GADS vs. GUI1"]
[Site "Hinckley Island ENG"]
[Date "2008.12.07"]
[Round "4.4"]
[White "Conquest, Stuart C"]
[Black "Richardson, John R"]
[Result "1-0"]
[WhiteElo "2526"]
[BlackElo "2308"]
[PlyCount "66"]
[EventDate "2008.12.07"]
[SourceDate "2008.10.04"]

1. e4 d5 2. exd5 Qxd5 3. Nc3 Qa5 4. d4 c6 5. Bc4 Nf6 6. Bd2 Bf5 7. Nd5 Qd8 8.
Nxf6+ gxf6 9. c3 Rg8 10. Qb3 e6 11. Qxb7 Nd7 12. Ne2 Rb8 13. Qxc6 Rb6 14. Qa4
Qb8 15. Ng3 Bg6 16. O-O Rxb2 17. Bc1 Rb7 18. Re1 Bd6 19. Bd5 Rb6 20. Bf3 h5 21.
d5 Ke7 22. dxe6 fxe6 23. Be3 Nc5 24. Qh4 Ra6 25. Bd4 e5 26. Nxh5 Bxh5 27. Qxh5
Ne6 28. Rab1 Qc8 29. Rb7+ Bc7 30. Bc5+ Nxc5 31. Qh7+ Ke6 32. Rxc7 Qf8 33. Rxc5
Qd8 1-0